000 00529nam a2200181 i 4500
001 57904
003 ES-MaACL
005 20230906163658.0
007 t|
008 031020s1969 sp ||||1| spa d
100 1 _aDonleavy, J. P.
_945321
245 1 0 _aHonorable sinvergüenza /
_cJ.P. Donleavy ; [traducción de Lorenzo Carbonell].
250 _a[1ª ed.].
260 _aBarcelona :
_bLuis de Caralt,
_c[1969]
300 _a333 p. ;
_c19 cm.
700 1 _aCarbonell, Lorenzo.
_935048
852 _aES-MaACL
_jC-39620
_bR.73569
999 _c57904
_d57904